Seri taman 2
| Main Author: | |
|---|---|
| Format: | Book |
| Published: |
Kuala Lumpur :
Berita Publishing, ,
2005
|
| Subjects: |
MARC
| LEADER | 00000cam a2200000 7i4500 | ||
|---|---|---|---|
| 001 | 0000003493 | ||
| 005 | 20060405.0 | ||
| 020 | 0 | 0 | |a 9679695352 |
| 090 | 0 | 0 | |a 715 |b ARM |
| 100 | 1 | 0 | |a Abdul Rahim Mohd Rashid |
| 245 | 1 | 0 | |a Seri taman 2 |c Abdul Rahim Mohd Rashid |
| 260 | 0 | 0 | |a Kuala Lumpur : |b Berita Publishing, , |c 2005 |
| 300 | |a vii, 144ms. : |b il. wrn. ; |c 22cm. | ||
| 500 | 0 | 0 | |a Di kepala mukasurat judul : Anjung Seri |
| 650 | 0 | 0 | |a Landscape gardening |
| 650 | 0 | 0 | |a Landscape plants |
| 999 | |a 0000006863 |b Monograph |c Open Shelf |e Default branch | ||